| 000 | 00816nam a2200265Ia 4500 | ||
|---|---|---|---|
| 003 | OSt | ||
| 005 | 20220926010650.0 | ||
| 006 | a|||||r|||| 00| 0 | ||
| 007 | ta | ||
| 008 | 220923b |||||||| |||| 00| 0 eng d | ||
| 020 |
_a0300078250 _c1476.63 |
||
| 037 |
_b7017/ _29.95, 27/04/2000, Segment _cGeneral Book |
||
| 040 |
_aRTL _cRTL _beng |
||
| 041 |
_2eng _aeng |
||
| 082 | _aW:5, N9 | ||
| 100 | _aShapiro Ian | ||
| 245 | 0 | _aDemocratic justice | |
| 260 |
_aNew Haven _bYale Univesity Press _c1999 |
||
| 300 |
_axiii, 333p _ccm. |
||
| 490 | _aInstitute for Social and Policy Studies at Fale University Series | ||
| 541 | _29.95, 27/04/2000, Segment | ||
| 650 | _a Political Science | ||
| 650 |
_aSocial Justice _929730 |
||
| 942 |
_hW:5, N9 _cGB _2CC |
||
| 999 |
_c617990 _d617990 |
||